书目信息 |
| 题名: |
新能源汽车电磁兼容性设计理论与方法
|
|
| 作者: | 翟丽 著 | |
| 分册: | ||
| 出版信息: | 北京 机械工业出版社 2021.3 |
|
| 页数: | 12,391页 | |
| 开本: | 24cm | |
| 丛书名: | ||
| 单 册: | ||
| 中图分类: | U469.7 | |
| 科图分类: | ||
| 主题词: | 新能源--汽车--电磁兼容性--设计 | |
| 电子资源: | ||
| ISBN: | 978-7-111-67180-0 | |
| 000 | 01186nam0 2200265 45 | |
| 001 | 012001001753 | |
| 005 | 20140912111408.0 | |
| 010 | @a978-7-111-67180-0@dCNY138.00 | |
| 100 | @a20210531d2021 em y0chiy50 ea | |
| 101 | 0 | @achi |
| 102 | @aCN@b110000 | |
| 105 | @aa z 000yy | |
| 106 | @ar | |
| 200 | 1 | @a新能源汽车电磁兼容性设计理论与方法@Axin neng yuan qi che dian ci jian rong xing she ji li lun yu fang fa@b专著@dElectromagnetic compatibility of electric vehicle@f翟丽著@zeng |
| 210 | @a北京@c机械工业出版社@d2021.3 | |
| 215 | @a12,391页@c彩图,彩照@d24cm | |
| 300 | @a新能源汽车关键技术研发系列 | |
| 300 | @a并列题名:Electromagnetic compatibility of electric vehicle | |
| 330 | @a本书以建模仿真、试验测量和工程案例相结合的方式,介绍了新能源汽车电机驱动系统、DC-DC变换器、无线充电系统、整车控制器、电池管理系统以及整车电磁兼容性的相关内容,使读者能够熟练掌握电磁兼容性的分析方法、建模仿真方法、整改方法以及测试方法。 | |
| 510 | 1 | @aElectromagnetic compatibility of electric vehicle@zeng |
| 606 | 0 | @a新能源@x汽车@x电磁兼容性@x设计 |
| 690 | @aU469.7@v5 | |
| 701 | 0 | @a翟丽@Azhai li@c(女)@4著 |
| 801 | 0 | @aCN@bBJSDL@c20211011 |
| 905 | @b1337081-4@dU469.7@e1065@f4 | |
| 新能源汽车电磁兼容性设计理论与方法=Electromagnetic compatibility of electric vehicle/翟丽著.-北京:机械工业出版社,2021.3 |
| 12,391页:彩图,彩照;24cm |
| 新能源汽车关键技术研发系列.-并列题名:Electromagnetic compatibility of electric vehicle |
| ISBN 978-7-111-67180-0:CNY138.00 |
| 本书以建模仿真、试验测量和工程案例相结合的方式,介绍了新能源汽车电机驱动系统、DC-DC变换器、无线充电系统、整车控制器、电池管理系统以及整车电磁兼容性的相关内容,使读者能够熟练掌握电磁兼容性的分析方法、建模仿真方法、整改方法以及测试方法。 |
| ● |
| 相关链接 |
|
|
|
|
正题名:新能源汽车电磁兼容性设计理论与方法
索取号:U469.7/1065
 
预约/预借
| 序号 | 登录号 | 条形码 | 馆藏地/架位号 | 状态 | 备注 |
| 1 | 1337081 | 213370813 | 第二样本阅览室/ [索取号:U469.7/1065] | 在馆 | |
| 2 | 1337082 | 213370822 | 第三借阅区/ [索取号:U469.7/1065] | 在馆 | |
| 3 | 1337083 | 213370831 | 第三借阅区/ [索取号:U469.7/1065] | 在馆 | |
| 4 | 1337084 | 213370840 | 第三借阅区/ [索取号:U469.7/1065] | 在馆 |